Normal view MARC view
  • Ministry of Food and Agriculture

Entry Personal Name

Number of records used in: 1

001 - CONTROL NUMBER

  • control field: 133987

003 - CONTROL NUMBER IDENTIFIER

  • control field: NUST

005 - DATE AND TIME OF LATEST TRANSACTION

  • control field: 20260408124122.0

008 - FIXED-LENGTH DATA ELEMENTS

  • fixed length control field: 260408|| aca||aabn | a|a d

040 ## - CATALOGING SOURCE

  • Original cataloging agency: NUST
  • Transcribing agency: NUST

100 ## - HEADING--PERSONAL NAME

  • Personal name: Ministry of Food and Agriculture

670 ## - SOURCE DATA FOUND

  • Source citation: Work cat.: (NUST): Ministry of Food and Agriculture, Crops Area and Production by Districts 2007-08 & 2008-09 /, 2010.
© 2023 Central Library, National University of Sciences and Technology. All Rights Reserved.